[Event "Sparkassen-Open J"]
[Site "Heusenstamm, Martinsee"]
[Date "2023.11.25"]
[Round "2.24"]
[White "Kollmer, Karla"]
[Black "Goebel, Johannes"]
[Result "0-1"]
[WhiteElo "850"]
[BlackElo "1026"]
[PlyCount "56"]
[EventDate "2023.??.??"]
[WhiteTeam "VSG 1880 Offenbach"]
[BlackTeam "SK Marburg 1931/72"]

1. e4 e5 2. Nf3 Nc6 3. Bb5 Nf6 4. Bxc6 dxc6 5. Nxe5 Nxe4 6. Qe2 Bf5 7. f3 Be6 8. fxe4 Bd6 9. Nf3 O-O 10. O-O Re8 11. d4 Bd5 12. Nc3 Be6 13. Re1 Qe7 14. a3 b6 15. e5 Bxe5 16. Nxe5 Bd5 17. Bf4 Rad8 18. Rad1 Qe6 19. Nd3 Qd7 20. Qf2 Be6 21. Qg3 Qxd4+ 22. Nf2 Qc4 23. Bh6 g6 24. Qxc7 Qh4 25. Bc1 Rxd1 26. Rxd1 Bg4 27. Nxg4 Re1+ 28. Rxe1 Qxe1# 0-1

[Event "Sparkassen-Open J"]
[Site "Heusenstamm, Martinsee"]
[Date "2023.11.25"]
[Round "2.25"]
[White "Luan, Elena"]
[Black "Schwab, Berenike"]
[Result "1-0"]
[WhiteElo "1026"]
[BlackElo "859"]
[PlyCount "61"]
[EventDate "2023.??.??"]
[WhiteTeam "SV Oberursel"]
[BlackTeam "SC Aschaffenburg e.V."]

1. e4 e5 2. Nc3 Nf6 3. f4 Nc6 4. fxe5 Nxe5 5. d4 Nc6 6. e5 Ng8 7. Nf3 d6 8. Bc4 Bg4 9. Qd3 Nb4 10. Qe4 Be6 11. Bd5 Rb8 12. a3 Nxd5 13. Nxd5 Be7 14. O-O Nh6 15. Bd2 O-O 16. Bxh6 dxe5 17. Nxe7+ Qxe7 18. Bd2 Rbd8 19. Bb4 Qd7 20. Bxf8 Kxf8 21. Qxe5 Bc4 22. Qc5+ Kg8 23. Qxc4 Re8 24. Ne5 Qe7 25. Nxf7 Rb8 26. Rae1 Qh4 27. c3 c6 28. Qe6 h6 29. Ng5+ Kh8 30. Qe8+ Rxe8 31. Rxe8# 1-0

[Event "Sparkassen-Open J"]
[Site "Heusenstamm, Martinsee"]
[Date "2023.11.25"]
[Round "2.27"]
[White "Lenhard, Robert"]
[Black "Muhl, Justinus"]
[Result "1-0"]
[WhiteElo "1013"]
[BlackElo "816"]
[PlyCount "97"]
[EventDate "2023.??.??"]
[WhiteTeam "SV 1920 Hofheim"]
[BlackTeam "SK Weilheim e.V."]

1. e4 e5 2. Nf3 Nc6 3. Bc4 Nf6 4. Nc3 Bc5 5. O-O h6 6. d3 d6 7. h3 g5 8. Na4 Bb6 9. Nxb6 axb6 10. Be3 Ke7 11. Re1 Qg8 12. Qd2 g4 13. hxg4 Qh7 14. Kf1 h5 15. gxh5 Qxh5 16. Ke2 Ng4 17. c3 Nxe3 18. Qxe3 Qg4 19. Qg5+ Qxg5 20. Nxg5 f6 21. Nf3 Rg8 22. Bxg8 Bh3 23. gxh3 Rxg8 24. Rh1 Ke6 25. h4 f5 26. Rh2 fxe4 27. dxe4 Kf6 28. Rah1 Ne7 29. h5 Rh8 30. h6 Kg6 31. Kd3 d5 32. exd5 Nxd5 33. Nxe5+ Kh7 34. Rg2 Nf4+ 35. Ke4 Nxg2 36. Rg1 Nh4 37. a3 Kxh6 38. Nf7+ Kh7 39. Nxh8 Kxh8 40. Rh1 Kh7 41. Rxh4+ Kg6 42. Rf4 b5 43. Ke5 b4 44. axb4 c5 45. bxc5 b6 46. cxb6 Kg7 47. Ke6 Kh8 48. Rf7 Kg8 49. b7 1-0

[Event "Sparkassen-Open J"]
[Site "Heusenstamm, Martinsee"]
[Date "2023.11.25"]
[Round "2.28"]
[White "Biallas, Flynn"]
[Black "Zargaran, Paya"]
[Result "1-0"]
[WhiteElo "988"]
[BlackElo "793"]
[PlyCount "44"]
[EventDate "2023.??.??"]
[WhiteTeam "SK Marburg 1931/72"]
[BlackTeam "VSG 1880 Offenbach"]

1. e4 e5 2. Nf3 Nc6 3. Bc4 Nf6 4. Ng5 d5 5. exd5 Nxd5 6. Nxf7 Kxf7 7. Qf3+ Ke8 8. Bxd5 Qf6 9. Bxc6+ bxc6 10. Qe3 Bf5 11. Nc3 Bxc2 12. d3 Bb4 13. Qe2 Bxc3+ 14. bxc3 Ba4 15. Qe4 Kf8 16. Qxa4 c5 17. Qe4 Kf7 18. Qd5+ Qe6 19. Qxc5 Rhc8 20. Qc4 Qxc4 21. dxc4 Rd8 22. Be3 Rd3 {Rest nicht nachvollziehbar. 1-0 ca. 60} 1-0

[Event "Sparkassen-Open J"]
[Site "Heusenstamm, Martinsee"]
[Date "2023.11.25"]
[Round "2.31"]
[White "Selvaraj, Vibhaakar"]
[Black "Staudt, Merle"]
[Result "0-1"]
[WhiteElo "748"]
[BlackElo "965"]
[Annotator "Schloessner,Henrik"]
[PlyCount "48"]
[EventDate "2023.??.??"]
[WhiteTeam "VSG 1880 Offenbach"]
[BlackTeam "SV Mülheim-Nord 1931 e"]

1. e4 d5 2. Nc3 d4 3. Bb5+ c6 4. Nge2 dxc3 5. Nxc3 cxb5 6. Nxb5 Bd7 7. Nd4 Nc6 8. Nf3 e5 9. d3 Bc5 10. Ng5 Qe7 11. Qf3 Nf6 12. Be3 Bxe3 13. Qxe3 Ng4 14. Qd2 O-O 15. h4 Rac8 16. d4 Nxd4 17. O-O-O h6 18. Nh3 Ba4 19. Kb1 Bxc2+ 20. Ka1 Bxd1 21. Rxd1 Rc6 22. a3 Nb3+ 23. Ka2 Nxd2 24. Rxd2 Qxh4 {Hier spielte Weiss Sh3-f5, was leider nicht erlaubt ist. 0-1 (30)} 0-1

[Event "Sparkassen-Open J"]
[Site "Heusenstamm, Martinsee"]
[Date "2023.11.25"]
[Round "3.1"]
[White "Müller, Konstantin"]
[Black "Noll, Raphael"]
[Result "1-0"]
[WhiteElo "1614"]
[BlackElo "1387"]
[PlyCount "127"]
[EventDate "2023.??.??"]
[WhiteTeam "SK Münster 32 e. V."]
[BlackTeam "SK Marburg 1931/72"]

1. e4 e5 2. Nf3 Nf6 3. Nc3 Nc6 4. Bc4 Nxe4 5. Nxe4 d5 6. Bd3 dxe4 7. Bxe4 Bd6 8. d4 exd4 9. O-O O-O 10. Ng5 h6 11. Qh5 f5 12. Bd5+ Kh8 13. Nf7+ Rxf7 14. Bxf7 Qf6 15. Qg6 Qxg6 16. Bxg6 Bd7 17. Re1 Nb4 18. Rd1 Nxc2 19. Rb1 Bb5 20. Bxf5 d3 21. Bxd3 Bxd3 22. Rxd3 Nb4 23. Rd1 Nxa2 24. Bd2 a6 25. b4 Re8 26. Rb2 Re2 27. Rxa2 Re4 28. Rb2 Rd4 29. Kf1 Bf4 30. Ke2 Be5 31. Rc2 Bd6 32. Be3 Rxb4 33. Rd4 Rb5 34. Bf4 Bxf4 35. Rxf4 c6 36. Rfc4 Kg8 37. f4 Kf7 38. Kf3 Kf6 39. Ke4 g6 40. Rd2 Ke7 41. g4 a5 42. Rcd4 Rb4 43. Rxb4 axb4 44. Rb2 c5 45. Kd5 b6 46. Kc6 Ke6 47. Re2+ Kf6 48. Kxb6 c4 49. Kc5 b3 50. Kxc4 h5 51. h3 hxg4 52. hxg4 g5 53. f5 Kf7 54. Kxb3 Kf6 55. Kc4 Kf7 56. Kd5 Kf6 57. Re6+ Kf7 58. Kd6 Kf8 59. Re7 Kg8 60. Ke6 Kf8 61. Kf6 Kg8 62. Rb7 Kh8 63. Kg6 Kg8 64. Rb8# 1-0

[Event "Sparkassen-Open J"]
[Site "Heusenstamm, Martinsee"]
[Date "2023.11.25"]
[Round "3.2"]
[White "Wolf, Helena"]
[Black "Shanawaz Thabrez, Shahzaib"]
[Result "1-0"]
[WhiteElo "1188"]
[BlackElo "1463"]
[PlyCount "93"]
[EventDate "2023.??.??"]
[WhiteTeam "SK Bad Homburg 1927"]
[BlackTeam "SK Langen"]

1. e4 e5 2. Nf3 Nc6 3. Bc4 Bc5 4. d3 Nf6 5. Nc3 d6 6. Bg5 Bg4 7. h3 Bh5 8. Nd5 a6 9. Bxf6 gxf6 10. c3 Nb8 11. d4 exd4 12. cxd4 Bxf3 13. gxf3 Ba7 14. Ne3 b5 15. Bb3 c5 16. Bd5 Nd7 17. Nf5 Rb8 18. Nxd6+ Ke7 19. Nxf7 Qa5+ 20. Qd2 Qxd2+ 21. Kxd2 Rhf8 22. Nh6 cxd4 23. Nf5+ Kd8 24. Ng7 Ke7 25. Nf5+ Kd8 26. Rac1 Ne5 27. f4 Ng6 28. Rhg1 Nxf4 29. Rg7 Bb6 30. Rxh7 Ba5+ 31. Kd1 Nxd5 32. exd5 Re8 33. Nxd4 Re1+ 34. Kc2 Rc8+ 35. Nc6+ Rxc6+ 36. dxc6 Re6 37. Kd3 Bc7 38. h4 Rd6+ 39. Ke4 Rd2 40. Rg1 Re2+ 41. Kf3 Re8 42. Rd1+ Kc8 43. Rdd7 Bb6 44. h5 b4 45. h6 Rf8 46. Rhg7 Bc5 47. h7 1-0

[Event "Sparkassen-Open J"]
[Site "Heusenstamm, Martinsee"]
[Date "2023.11.25"]
[Round "3.3"]
[White "Wolf, Noah"]
[Black "Nain, Medhansh"]
[Result "0-1"]
[WhiteElo "1567"]
[BlackElo "1283"]
[PlyCount "54"]
[EventDate "2023.??.??"]
[WhiteTeam "Vorw.Orient Mainz"]
[BlackTeam "SK Bickenbach"]

1. e4 e5 2. Nf3 Nc6 3. Bc4 f5 4. exf5 e4 5. Ng1 d5 6. Qh5+ Ke7 7. Be2 Nf6 8. Qh4 Bxf5 9. b3 Kf7 10. Bb2 Be7 11. Nh3 h6 12. Qf4 Qd7 13. f3 Bd6 14. Qe3 d4 15. Qf2 d3 16. cxd3 exd3 17. Bd1 Rhe8+ 18. Kf1 Bxh3 19. gxh3 Qxh3+ 20. Qg2 Re1+ 21. Kxe1 Qxg2 22. Nc3 Qxh1+ 23. Kf2 Bc5+ 24. Kg3 Qg1+ 25. Kh3 Nh5 26. f4 Nxf4+ 27. Kh4 Bf2# 0-1

[Event "Sparkassen-Open J"]
[Site "Heusenstamm, Martinsee"]
[Date "2023.11.25"]
[Round "3.4"]
[White "Wolf, Adam"]
[Black "Will, Elina"]
[Result "1/2-1/2"]
[WhiteElo "1144"]
[BlackElo "1325"]
[PlyCount "57"]
[EventDate "2023.??.??"]
[WhiteTeam "Vorw.Orient Mainz"]
[BlackTeam "TuS Makkabi Wiesbaden"]

1. e4 e6 2. d4 d5 3. exd5 exd5 4. Nf3 Nf6 5. Bd3 Bd6 6. O-O O-O 7. Re1 c6 8. Bg5 Bg4 9. Nbd2 Nbd7 10. c3 Qb6 11. b4 Qc7 12. h3 Bh5 13. Qc2 h6 14. Bh4 g5 15. g4 gxh4 16. gxh5 Nxh5 17. Bh7+ Kh8 18. Nxh4 Ndf6 19. Bf5 Rg8+ 20. Kf1 Ng7 21. Bg6 Ngh5 22. Bf5 Ng7 23. Bg6 Nge8 24. Bf5 Bf4 25. Ndf3 Nd6 26. Bd3 Rg7 27. Ne5 Bg5 28. Nhf3 Bf4 29. a4 1/2-1/2

[Event "Sparkassen-Open J"]
[Site "Heusenstamm, Martinsee"]
[Date "2023.11.25"]
[Round "3.5"]
[White "Hasenpflug, Till"]
[Black "Giegerich, Lenn Valentin"]
[Result "1-0"]
[WhiteElo "1350"]
[BlackElo "1064"]
[PlyCount "59"]
[EventDate "2023.??.??"]
[WhiteTeam "SK Bad Homburg 1927"]
[BlackTeam "SC Aschaffenburg e.V."]

1. e4 e5 2. Nf3 Nf6 3. Nc3 Nc6 4. Bb5 d6 5. h3 a6 6. Bxc6+ bxc6 7. O-O Be6 8. d3 d5 9. Nxe5 Qd6 10. Bf4 Qc5 11. Nf3 d4 12. Ne2 Bd6 13. Bxd6 cxd6 14. Nexd4 O-O 15. Re1 d5 16. Nb3 Qd6 17. e5 Qe7 18. exf6 Qxf6 19. d4 Bf5 20. c3 Qg6 21. Nh4 Qg5 22. Nxf5 Qxf5 23. Re5 Qd7 24. Nc5 Qc8 25. Qe2 f5 26. Re1 f4 27. Qg4 Qxg4 28. hxg4 f3 29. g3 h6 30. Re6 1-0

[Event "Sparkassen-Open J"]
[Site "Heusenstamm, Martinsee"]
[Date "2023.11.25"]
[Round "3.8"]
[White "Kovacs, Adam"]
[Black "Shanmuganathan, Adhav"]
[Result "1-0"]
[WhiteElo "1068"]
[BlackElo "1141"]
[PlyCount "119"]
[EventDate "2023.??.??"]
[WhiteTeam "SK Gründau"]
[BlackTeam "SV 1934 Ffm-Griesheim"]

1. Nf3 d5 2. c4 Nf6 3. cxd5 Nxd5 4. d4 Nc6 5. e4 Nb6 6. Bb5 e6 7. Ne5 Bd7 8. Bxc6 Bxc6 9. Nxc6 bxc6 10. O-O c5 11. Be3 cxd4 12. Bxd4 f6 13. Qh5+ g6 14. Qb5+ Qd7 15. Qxd7+ Nxd7 16. Rc1 e5 17. Be3 Bd6 18. Nc3 Nc5 19. Bxc5 Bxc5 20. Nd5 Bd6 21. Nxc7+ Bxc7 22. Rxc7 a5 23. Rac1 Rd8 24. Ra7 h5 25. Rxa5 Rf8 26. b4 Rd4 27. Ra8+ Kf7 28. Rxf8+ Kxf8 29. Rb1 Rxe4 30. b5 Ra4 31. b6 Ra8 32. b7 Rb8 33. a4 Ke7 34. Kf1 Kd7 35. Ke2 Kc6 36. Kd3 Rxb7 37. Rxb7 Kxb7 38. Ke4 Kc6 39. a5 Kb5 40. Kd5 Kxa5 41. Ke6 Kb4 42. Kxf6 e4 43. Ke5 Kc5 44. Kxe4 Kd6 45. Kf4 Ke6 46. Kg5 Kf7 47. f4 Kg7 48. f5 h4 49. fxg6 h3 50. gxh3 Kg8 51. h4 Kg7 52. h5 Kh8 53. h6 Kg8 54. Kf6 Kh8 55. g7+ Kh7 56. Kf7 Kxh6 57. g8=Q Kh5 58. Kf6 Kh4 59. Kf5 Kh3 60. Qg3# 1-0

[Event "Sparkassen-Open J"]
[Site "Heusenstamm, Martinsee"]
[Date "2023.11.25"]
[Round "3.9"]
[White "Riazi, Dominik"]
[Black "Ninnemann, Patrick"]
[Result "1-0"]
[WhiteElo "997"]
[BlackElo "1021"]
[PlyCount "97"]
[EventDate "2023.??.??"]
[WhiteTeam "SK Bad Homburg 1927"]
[BlackTeam "Chess Tigers Schach-Förderverein"]

1. e4 e5 2. Nf3 Nc6 3. d4 exd4 4. Bc4 Bb4+ 5. c3 dxc3 6. bxc3 Bc5 7. Bxf7+ Kxf7 8. Qd5+ Ke8 9. Qxc5 d6 10. Qc4 Nf6 11. Bg5 h6 12. Bh4 Qe7 13. O-O Be6 14. Qb5 Rb8 15. Re1 a6 16. Qa4 Kf8 17. Nbd2 Bd7 18. Bxf6 gxf6 19. Qa3 Ne5 20. Nxe5 fxe5 21. c4 Qg5 22. Nf1 Be6 23. c5 Rc8 24. cxd6 cxd6 25. Qxd6+ Qe7 26. Qxe5 Rg8 27. Qf4+ Qf7 28. Qxf7+ Kxf7 29. Rab1 Rc7 30. a3 Re7 31. Rb6 h5 32. Reb1 h4 33. Rxb7 Bh3 34. Rxe7+ Kxe7 35. g3 Bxf1 36. Kxf1 hxg3 37. hxg3 Ke6 38. Re1 Rd8 39. f4 Rd3 40. Kf2 Rxa3 41. Re3 Rxe3 42. Kxe3 a5 43. Kd4 a4 44. Kc4 Kd6 45. Kb4 a3 46. Kxa3 Kc5 47. g4 Kd4 48. g5 Kxe4 49. g6 1-0

[Event "Sparkassen-Open J"]
[Site "Heusenstamm, Martinsee"]
[Date "2023.11.25"]
[Round "3.10"]
[White "Avhopulo, Kirill"]
[Black "Li, Xiao Teng"]
[Result "1/2-1/2"]
[WhiteElo "1411"]
[BlackElo "1247"]
[PlyCount "36"]
[EventDate "2023.??.??"]
[WhiteTeam "SK Marburg 1931/72"]
[BlackTeam "SK Bad Homburg 1927"]

1. d4 d5 2. c4 c6 3. e3 Nf6 4. Nc3 Bf5 5. Nf3 e6 6. cxd5 exd5 7. Bd3 Be6 8. Qc2 Nbd7 9. Ng5 Qc7 10. Nxe6 fxe6 11. Bd2 Bd6 12. Ne2 O-O-O 13. O-O-O Ng4 14. Be1 Ngf6 15. h3 e5 16. Bf5 e4 17. Bxd7+ Nxd7 18. Kb1 Rhf8 1/2-1/2

[Event "Sparkassen-Open J"]
[Site "Heusenstamm, Martinsee"]
[Date "2023.11.25"]
[Round "3.11"]
[White "Dorfner, Georg"]
[Black "Beier, Martin"]
[Result "0-1"]
[WhiteElo "1084"]
[BlackElo "1321"]
[PlyCount "45"]
[EventDate "2023.??.??"]
[WhiteTeam "TV-Großostheim 1900 e.V."]
[BlackTeam "SK Bad Homburg 1927"]

1. e4 e6 2. d4 d5 3. exd5 exd5 4. Be3 Nf6 5. Nc3 Bd6 6. Nf3 O-O 7. Bd3 Re8 8. O-O c6 9. Qd2 Ne4 10. Nxe4 dxe4 11. Bxe4 Rxe4 12. Qd3 Bf5 13. Qb3 Qc7 14. Ng5 Bxh2+ 15. Kh1 Rh4 16. Rfe1 Bg4 17. g3 Bxg3+ 18. Kg2 Rh2+ 19. Kf1 h6 20. Qd3 hxg5 21. Bxg5 Rxf2+ 22. Kg1 Nd7 23. Re3 0-1

[Event "Sparkassen-Open J"]
[Site "Heusenstamm, Martinsee"]
[Date "2023.11.25"]
[Round "3.12"]
[White "Vasudevan, Krish"]
[Black "Lukas, Olivia"]
[Result "1-0"]
[WhiteElo "1055"]
[BlackElo "1240"]
[PlyCount "77"]
[EventDate "2023.??.??"]
[WhiteTeam "SAbt TuS Makkabi Ffm"]
[BlackTeam "SF Deizisau"]

1. d4 d5 2. Nc3 Nf6 3. Bf4 Bf5 4. e3 e6 5. Nf3 Bb4 6. Bd3 Ne4 7. O-O Nxc3 8. bxc3 Bxc3 9. Rb1 Ba5 10. Rxb7 Bb6 11. a4 Qc8 12. Bb5+ Kf8 13. Rxb8 Rxb8 14. Ne5 Kg8 15. Qf3 Bxc2 16. Qg3 h5 17. h4 a6 18. Nc6 Qb7 19. Nxb8 axb5 20. Be5 Bg6 21. Nd7 bxa4 22. Rc1 c6 23. Rb1 Qxd7 24. Rxb6 Kh7 25. Ra6 f6 26. Bd6 Bc2 27. Bb8 Qb7 28. Ra7 Qb1+ 29. Kh2 Rg8 30. Bd6 Qb6 31. Rd7 Bg6 32. Bc5 Qa6 33. Ra7 Qb5 34. Qc7 Bf5 35. Bf8 Qe2 36. Bxg7 Kg6 37. Qf7+ Kh7 38. Bf8+ Kh8 39. Qxf6+ 1-0

[Event "Sparkassen-Open J"]
[Site "Heusenstamm, Martinsee"]
[Date "2023.11.25"]
[Round "3.13"]
[White "Chen, Lilly"]
[Black "Luan, Elena"]
[Result "0-1"]
[WhiteElo "1370"]
[BlackElo "1026"]
[PlyCount "78"]
[EventDate "2023.??.??"]
[WhiteTeam "Sfr Stiller Zug Wiesbaden"]
[BlackTeam "SV Oberursel"]

1. Nf3 d5 2. e3 Nc6 3. c4 Nf6 4. Be2 e5 5. O-O Bg4 6. h3 Bf5 7. b3 Bc5 8. Ba3 Bxa3 9. Nxa3 Ne4 10. cxd5 Qxd5 11. Bc4 Qd8 12. b4 Qf6 13. Nb5 Rc8 14. d4 exd4 15. exd4 Qg6 16. Nh4 Qg5 17. Nxf5 Qxf5 18. a3 a6 19. f3 Nf6 20. Nc3 O-O 21. a4 Nxb4 22. Rb1 Qa5 23. Re1 Nc6 24. Rxb7 Qxc3 25. Bxa6 Nxd4 26. Rb1 Rcd8 27. Qc1 Qxc1 28. Rbxc1 Rd7 29. Kh1 Ra8 30. Rb1 h6 31. Bb5 Nxb5 32. axb5 Ra2 33. Rg1 Rdd2 34. Rbc1 Nd5 35. Rb1 Nf4 36. Rgc1 Rxg2 37. Rxc7 Rh2+ 38. Kg1 Rag2+ 39. Kf1 Rh1# 0-1

[Event "Sparkassen-Open J"]
[Site "Heusenstamm, Martinsee"]
[Date "2023.11.25"]
[Round "3.14"]
[White "Kim, David"]
[Black "Schwab, Florentin"]
[Result "1-0"]
[WhiteElo "1240"]
[BlackElo "1024"]
[PlyCount "75"]
[EventDate "2023.??.??"]
[WhiteTeam "SV 1920 Hofheim"]
[BlackTeam "SC Aschaffenburg e.V."]

1. e4 c5 2. Nc3 d6 3. Bc4 Nc6 4. h3 Nf6 5. Nf3 g6 6. d3 Bg7 7. Be3 O-O 8. d4 cxd4 9. Nxd4 Nxd4 10. Bxd4 Bd7 11. O-O Rc8 12. Bb3 b6 13. Re1 Be6 14. e5 dxe5 15. Bxe6 fxe6 16. Bxe5 Kf7 17. Qe2 Qd7 18. Rad1 Qc6 19. Rd3 Nd5 20. Nxd5 exd5 21. Bxg7 Kxg7 22. Qxe7+ Rf7 23. Qe5+ Kg8 24. Rc3 Qd7 25. Rxc8+ Qxc8 26. Qxd5 Qxc2 27. Re8+ Kg7 28. Qd4+ Kh6 29. Re4 Qc1+ 30. Kh2 Qc7+ 31. g3 Kh5 32. Qe3 g5 33. Re5 h6 34. Re6 Rg7 35. Qf3+ g4 36. hxg4+ Rxg4 37. Kh3 Qc4 38. Re5+ 1-0

[Event "Sparkassen-Open J"]
[Site "Heusenstamm, Martinsee"]
[Date "2023.11.25"]
[Round "3.15"]
[White "Goebel, Johannes"]
[Black "Li, Leo Jiayi"]
[Result "0-1"]
[WhiteElo "1026"]
[BlackElo "1227"]
[PlyCount "140"]
[EventDate "2023.??.??"]
[WhiteTeam "SK Marburg 1931/72"]
[BlackTeam "SV Oberursel"]

1. e4 c5 2. Nc3 d6 3. Nf3 Nf6 4. Bc4 h6 5. O-O g6 6. d3 Nc6 7. d4 cxd4 8. Nxd4 Bd7 9. Be3 Bg7 10. Qd3 O-O 11. Rad1 Nxd4 12. Bxd4 Bc6 13. Rfe1 Qd7 14. Bxf6 Bxf6 15. Bd5 Rac8 16. Bxc6 Qxc6 17. Re3 Bg7 18. Qd5 Qxd5 19. exd5 Bxc3 20. Rxc3 Rxc3 21. bxc3 Rc8 22. Rd3 Kg7 23. Kf1 Kf6 24. Ke2 Ke5 25. Re3+ Kf6 26. Kd2 Rc4 27. Rf3+ Kg7 28. Re3 Kf8 29. Rh3 h5 30. Re3 Ra4 31. Kd3 Rxa2 32. c4 Ra3+ 33. c3 Ra2 34. Re2 Rxe2 35. Kxe2 Kg7 36. Kd3 Kf6 37. g3 Ke5 38. f4+ Kf5 39. Kd4 b6 40. h3 g5 41. fxg5 Kxg5 42. Kd3 f5 43. Ke3 h4 44. Kf3 hxg3 45. Kxg3 a5 46. h4+ Kh5 47. Kf4 a4 48. Kxf5 a3 49. Ke6 a2 50. Kxe7 a1=Q 51. Kxd6 Qa3+ 52. Ke6 Qa8 53. d6 Qd8 54. d7 Kxh4 55. Kd6 Kg4 56. Kc6 Kf5 57. Kd6 Kf6 58. Kc6 Ke7 59. c5 bxc5 60. c4 Qxd7+ 61. Kxc5 Qc7+ 62. Kd4 Kd6 63. Kc3 Qc5 64. Kb3 Ke5 65. Kc3 Ke4 66. Kb3 Kd4 67. Kb2 Qxc4 68. Ka3 Qb5 69. Ka2 Kc3 70. Ka1 Qb2# 0-1

[Event "Sparkassen-Open J"]
[Site "Heusenstamm, Martinsee"]
[Date "2023.11.25"]
[Round "3.16"]
[White "Lenhard, Robert"]
[Black "Sautner, Sascha"]
[Result "1/2-1/2"]
[WhiteElo "1013"]
[BlackElo "1219"]
[PlyCount "43"]
[EventDate "2023.??.??"]
[WhiteTeam "SV 1920 Hofheim"]
[BlackTeam "SK 1912 Ludwigshafen"]

1. e4 c6 2. Nf3 d5 3. exd5 cxd5 4. d4 Nc6 5. Bb5 Qa5+ 6. Nc3 Bg4 7. O-O e6 8. Bxc6+ bxc6 9. a3 Nf6 10. h3 Bh5 11. Re1 Be7 12. Bf4 O-O 13. b4 Qb6 14. Na4 Qb7 15. Nc5 Bxc5 16. bxc5 Qb2 17. Qc1 Qxc1 18. Raxc1 Bxf3 19. gxf3 a5 20. c4 Rfe8 21. cxd5 exd5 22. Rxe8+ 1/2-1/2

[Event "Sparkassen-Open J"]
[Site "Heusenstamm, Martinsee"]
[Date "2023.11.25"]
[Round "3.17"]
[White "Staudt, Merle"]
[Black "Milman, Sophie"]
[Result "0-1"]
[WhiteElo "965"]
[BlackElo "1184"]
[PlyCount "128"]
[EventDate "2023.??.??"]
[WhiteTeam "SV Mülheim-Nord 1931 e"]
[BlackTeam "VSG 1880 Offenbach"]

1. e4 e5 2. d4 exd4 3. Qxd4 Nc6 4. Qe3 Bb4+ 5. Nc3 d6 6. Bd2 Be6 7. O-O-O a6 8. Bd3 Qd7 9. Nd5 Bxd2+ 10. Rxd2 O-O-O 11. a3 Nge7 12. Nxe7+ Qxe7 13. Nf3 Rhe8 14. Nd4 Qd7 15. Nxc6 Qxc6 16. Qa7 Qb6 17. Qxb6 cxb6 18. Be2 d5 19. exd5 Rxd5 20. Rxd5 Bxd5 21. Bg4+ Kc7 22. Rg1 Be6 23. Bxe6 Rxe6 24. Kd2 Kd6 25. Re1 Rxe1 26. Kxe1 Ke5 27. Ke2 Ke4 28. h3 h5 29. g4 hxg4 30. hxg4 Kf4 31. f3 g6 32. Kf2 f5 33. gxf5 gxf5 34. c4 Ke5 35. Ke3 f4+ 36. Kd3 b5 37. cxb5 axb5 38. b3 b6 39. a4 bxa4 40. bxa4 Kd5 41. Ke2 Kd4 42. Kd2 Kc4 43. Kc2 Kb4 44. Kd3 Kxa4 45. Ke4 b5 46. Kxf4 b4 47. Ke3 b3 48. Kd2 Ka3 49. f4 b2 50. f5 b1=Q 51. f6 Qf5 52. f7 Qxf7 53. Ke3 Qc4 54. Kf3 Kb3 55. Ke3 Kc3 56. Kf3 Qe6 57. Kf4 Kd4 58. Kf3 Qe3+ 59. Kg4 Qf2 60. Kg5 Ke5 61. Kg4 Qf4+ 62. Kh5 Qg3 63. Kh6 Kf6 64. Kh7 Qg7# 0-1

[Event "Sparkassen-Open J"]
[Site "Heusenstamm, Martinsee"]
[Date "2023.11.25"]
[Round "3.18"]
[White "Gao, Chen Fan"]
[Black "Biallas, Flynn"]
[Result "0-1"]
[WhiteElo "1208"]
[BlackElo "988"]
[PlyCount "120"]
[EventDate "2023.??.??"]
[WhiteTeam "SC Rotenburg"]
[BlackTeam "SK Marburg 1931/72"]

1. c4 c5 2. d3 Nc6 3. Nf3 g6 4. Bd2 Bg7 5. Bc3 Nf6 6. g3 e6 7. Bg2 Rb8 8. Nbd2 a6 9. Ne5 Nxe5 10. Bxe5 d6 11. Bc3 b5 12. a3 Qb6 13. b4 cxb4 14. axb4 Bb7 15. O-O Bxg2 16. Kxg2 O-O 17. Qb3 Qc6+ 18. Kg1 d5 19. cxb5 axb5 20. Rfc1 Qb7 21. Bd4 Rfc8 22. Rxc8+ Rxc8 23. Ra7 Qc6 24. Ra1 Nd7 25. Bxg7 Kxg7 26. Qb2+ Kg8 27. Nb3 f6 28. Rc1 Qb7 29. Rxc8+ Qxc8 30. Nd4 Qa6 31. Qd2 Qa1+ 32. Kg2 Qxd4 33. Qc2 Kf7 34. Qc7 Ke7 35. Qf4 Qxf4 36. gxf4 Nb8 37. Kf3 Nc6 38. Ke3 Nxb4 39. Kd4 Na6 40. Kc3 e5 41. fxe5 fxe5 42. Kb3 Kf6 43. e4 d4 44. h4 g5 45. hxg5+ Kxg5 46. Kc2 h5 47. Kd2 Kg4 48. Ke2 b4 49. Kd2 Nc5 50. Kc2 h4 51. Kd2 h3 52. Ke2 h2 53. f3+ Kg3 54. f4 exf4 55. Kf1 h1=Q+ 56. Ke2 Qh2+ 57. Kd1 f3 58. Ke1 f2+ 59. Kf1 Qg1+ 60. Ke2 Qe1# 0-1

[Event "Sparkassen-Open J"]
[Site "Heusenstamm, Martinsee"]
[Date "2023.11.25"]
[Round "3.19"]
[White "Kollmer, Otto"]
[Black "Filis, Leon"]
[Result "0-1"]
[WhiteElo "981"]
[BlackElo "1205"]
[PlyCount "72"]
[EventDate "2023.??.??"]
[WhiteTeam "VSG 1880 Offenbach"]
[BlackTeam "SV 1920 Hofheim"]

1. e4 d5 2. exd5 Nf6 3. d4 Bg4 4. Nf3 Qxd5 5. Be2 Nc6 6. Be3 O-O-O 7. Nc3 Qd7 8. Qd3 Bxf3 9. Bxf3 Nxd4 10. O-O-O Nxf3 11. gxf3 Qxd3 12. Rxd3 Rxd3 13. cxd3 e6 14. Rg1 g6 15. Bd4 Be7 16. Ne4 Rd8 17. Nxf6 Rxd4 18. Ne4 Rxd3 19. Rg3 Rd8 20. Rh3 h5 21. Rg3 Bd6 22. Nxd6+ Rxd6 23. Kc2 Kd7 24. Rg5 Rd5 25. Rg3 Re5 26. Kd2 Kd6 27. a4 Kc5 28. Kc3 a6 29. b4+ Kc6 30. Kc4 b5+ 31. axb5+ axb5+ 32. Kd4 Rf5 33. Ke4 Kb6 34. f4 c5 35. bxc5+ Rxc5 36. Rb3 Kc6 0-1

[Event "Sparkassen-Open J"]
[Site "Heusenstamm, Martinsee"]
[Date "2023.11.25"]
[Round "3.20"]
[White "Faisz, David"]
[Black "Kanagaraj, Aarav"]
[Result "0-1"]
[WhiteElo "1161"]
[BlackElo "966"]
[PlyCount "96"]
[EventDate "2023.??.??"]
[WhiteTeam "SK 1926 Ettlingen"]
[BlackTeam "TSV Schott Mainz"]

1. e4 d6 2. d4 Nf6 3. Nc3 g6 4. Bf4 Bg7 5. Bc4 O-O 6. Nf3 Nbd7 7. O-O e5 8. dxe5 dxe5 9. Nxe5 Nxe4 10. Nxe4 Nxe5 11. Qxd8 Rxd8 12. Bg5 Rd4 13. Rad1 Nxc4 14. Rxd4 Bxd4 15. Rd1 c5 16. c3 Nxb2 17. Rd2 Nc4 18. Rd3 Bf5 19. cxd4 Bxe4 20. Rc3 Bd5 21. dxc5 Re8 22. h3 Rc8 23. Bh6 Rxc5 24. Rd3 b5 25. Kf1 b4 26. Ke1 a5 27. Ke2 a4 28. Kd1 Nb2+ 29. Kd2 Nxd3 30. Kxd3 b3 31. axb3 axb3 32. Kd4 Rb5 33. Bc1 b2 34. Bxb2 Rxb2 35. Kxd5 Rxf2 36. g4 Re2 37. Kd4 Kg7 38. h4 f5 39. gxf5 gxf5 40. h5 f4 41. h6+ Kf6 42. Kd3 Re7 43. Kd2 f3 44. Kd1 f2 45. Kc1 f1=Q+ 46. Kc2 Re3 47. Kb2 Qf2+ 48. Kc1 Re1# 0-1

[Event "Sparkassen-Open J"]
[Site "Heusenstamm, Martinsee"]
[Date "2023.11.25"]
[Round "3.21"]
[White "Zhang, Mairui"]
[Black "Lao, Theodora Siyuan"]
[Result "1-0"]
[WhiteElo "898"]
[BlackElo "1153"]
[PlyCount "163"]
[EventDate "2023.??.??"]
[WhiteTeam "Sfr.Mainz 1928"]
[BlackTeam "SK Bad Homburg 1927"]

1. e4 e5 2. Nf3 Nc6 3. Bc4 Nge7 4. O-O g6 5. c3 Bg7 6. d4 O-O 7. Be3 d6 8. h3 d5 9. exd5 Nxd5 10. Bg5 Qd6 11. dxe5 Nxe5 12. Bxd5 Nxf3+ 13. Qxf3 Be6 14. Bxb7 Rab8 15. Na3 Qb6 16. Bd5 Bxd5 17. Qxd5 Qxb2 18. Nc4 Qxc3 19. Rac1 Qb4 20. Rfe1 Rb5 21. Be7 Rxd5 22. Bxb4 c5 23. Bc3 Rb8 24. Be5 Bxe5 25. Nxe5 Rb2 26. a3 Ra2 27. Nc4 Kg7 28. Re5 Rxe5 29. Nxe5 Rxa3 30. Rxc5 Ra1+ 31. Kh2 f6 32. Rc7+ Kh6 33. Nc6 a5 34. Ra7 a4 35. Ra6 Kg5 36. Kg3 Ra3+ 37. f3 f5 38. h4+ Kh6 39. Ne5 Kg7 40. Nc4 Ra1 41. Nb2 a3 42. Na4 a2 43. Nc3 Rc1 44. Nxa2 Ra1 45. Nb4 Rxa6 46. Nxa6 h6 47. f4 Kf6 48. Nc5 g5 49. hxg5+ hxg5 50. Nd7+ Kg6 51. Nf8+ Kh6 52. fxg5+ Kxg5 53. Ne6+ Kf6 54. Nd4 Ke5 55. Nxf5 Kxf5 56. Kh4 Kg6 57. Kg4 Kh6 58. Kf5 Kg7 59. Kg5 Kg8 60. Kg6 Kf8 61. g4 Kg8 62. g5 Kf8 63. Kh7 Kf7 64. g6+ Ke6 65. g7 Kd5 66. g8=Q+ Ke4 67. Qg3 Kd5 68. Qe3 Kc4 69. Qd2 Kc5 70. Qd3 Kc6 71. Qd4 Kb5 72. Qc3 Ka4 73. Qb2 Ka5 74. Qb3 Ka6 75. Qb4 Ka7 76. Qb5 Ka8 77. Kg7 Ka7 78. Kf7 Ka8 79. Ke7 Ka7 80. Kd7 Ka8 81. Kc7 Ka7 82. Qb7# 1-0